000
00302nam a2200121Ia 4500
008
210430s9999 xx 000 0 und d
082
_a
540 K871 C
100
_a
Cotz
245
_a
Chemistry Chemical Reactivity
_c
Cotz
260
_a
Orlando
_b
Emily Barrosse
_c
1999
300
_a
1129p
942
_c
BK
_2
ddc
999
_c
561809
_d
561809